000 00349nam a22001457a 4500
008 230405b |||||||| |||| 00| 0 eng d
020 _a978-1-529-10238-3
082 _a813.54
100 _aHolly Black
245 _aBook of Night
260 _bDel Rey,
_c2022
300 _a306 p.
_c23.5 cm
942 _2ddc
999 _c9504
_d9505